000 00559nam a2200193Ia 4500
008 240729s9999 xx 000 0 und d
022 _a2516-5658
245 0 _aVascular Biology
260 _aUnited Kingdom
260 _bBioscientifica
650 _a Diseases of the circulatory (Cardiovascular) system | Science
650 _a Internal medicine
650 _a Physiology
650 _a Specialties of internal medicine
650 _aMedicine
856 _uhttps://doaj.org/toc/4b0469ff4fa741a7a341985d44c7f2ef
942 _2ddc
942 _cDOAJEJ
999 _c69941
_d69941
945 _a1
_bMadushi Gamage
_c1
_dMadushi Gamage